Movies Quiz

Random Movies or Clickable Quiz

Ten Word Hints for Ten Letter Films Quiz Stats

 Plays Quiz Updated Nov 15, 2019

Score 0/24 Timer 04:00
6 Plays Today
% Correct
The Martian
94.4%
Taxi Driver
92.2%
Armageddon
91.5%
Seabiscuit
90.5%
Goodfellas
85.1%
The Shining
84.9%
Wall Street
83.4%
Raging Bull
83.3%
Animal Farm
83.2%
Up in the Air
82.9%
Rear Window
82.7%
Match Point
82%
% Correct
Casablanca
82%
Dreamgirls
80.6%
Adaptation
76.1%
Dirty Harry
74.2%
My Left Foot
71.5%
My Fair Lady
70.1%
Mrs. Miniver
67.4%
Rollerball
67.4%
Unforgiven
61.7%
On the Beach
58.8%
First Blood
57.6%
City Lights
53.9%

You're not logged in!

Compare scores with friends on all Sporcle quizzes.
OR
Log In

Sporcle TV

Today on Sporcle TV


Watch our educational content, quiz creation guides, and fun videos on Sporcle TV.

Show Comments

Extras

Top Quizzes Today


Score Distribution

Your Account Isn't Verified!

In order to create a playlist on Sporcle, you need to verify the email address you used during registration. Go to your Sporcle Settings to finish the process.

Report this User

Report this user for behavior that violates our Community Guidelines.

Details: